[Event "Mindsports Open 5th"]
[Site "London"]
[Date "2025.08.14"]
[Round "2.31"]
[White "Sofronie, Vladimir"]
[Black "Bansal, Saahil"]
[Result "1/2-1/2"]
[WhiteElo "2313"]
[BlackElo "1979"]
[PlyCount "103"]
[EventDate "2025.08.13"]
[EventType "swiss"]
[EventRounds "9"]
[EventCountry "ENG"]
[SourceTitle "BritBase"]
[Source "John Saunders"]
[SourceDate "2025.08.18"]
[SourceVersion "1"]
[SourceVersionDate "2025.08.18"]
[SourceQuality "1"]

1. d4 d5 2. Bf4 Nf6 3. e3 c5 4. c3 Nc6 5. Nd2 cxd4 6. exd4 Bf5 7. Ngf3 e6 8. Nh4 Bg4 9. Be2 Bxe2 10. Qxe2 Bd6 11. Bxd6 Qxd6 12. Nf5 Qf8 13. O-O g6 14. Ne3 Qe7 15. Rfe1 O-O 16. g3 Rab8 17. a4 Qc7 18. h4 h5 19. Ng2 Ne7 20. Qf3 Kg7 21. Nf4 Qb6 22. Nd3 Nf5 23. Qf4 Rfc8 24. Qe5 Qc7 25. Qxc7 Rxc7 26. Nc5 Rbc8 27. a5 Nd6 28. Kg2 Nd7 29. Nd3 Nc4 30. Nxc4 Rxc4 31. f3 Nf6 32. Nc5 b6 33. axb6 axb6 34. Nd3 R4c7 35. Ra6 Rb7 36. Rea1 Nd7 37. Nb4 Nb8 38. Ra7 Rxa7 39. Rxa7 Nc6 40. Nxc6 Rxc6 41. Rb7 Kf6 42. Kf2 e5 43. Ke3 exd4+ 44. Kxd4 Ke6 45. b3 Rd6 46. g4 hxg4 47. fxg4 f5 48. h5 fxg4 49. hxg6 Kf5 50. g7 Rg6 51. Rf7+ Ke6 52. Rb7 1/2-1/2

[Event "Mindsports Open 5th"]
[Site "London"]
[Date "2025.08.14"]
[Round "2.32"]
[White "Collins, Adam"]
[Black "Mokhber-Garcia, Sebastian"]
[Result "1-0"]
[WhiteElo "2221"]
[BlackElo "1962"]
[PlyCount "93"]
[EventDate "2025.08.13"]
[EventType "swiss"]
[EventRounds "9"]
[EventCountry "ENG"]
[SourceTitle "BritBase"]
[Source "John Saunders"]
[SourceDate "2025.08.18"]
[SourceVersion "1"]
[SourceVersionDate "2025.08.18"]
[SourceQuality "1"]

1. e4 e5 2. Nf3 Nc6 3. Bb5 Nf6 4. O-O Nxe4 5. Re1 Nd6 6. Nxe5 Nxe5 7. Rxe5+ Be7 8. Bf1 O-O 9. d4 Bf6 10. Re1 Re8 11. Nc3 Rxe1 12. Qxe1 Nf5 13. Nd5 Kf8 14. Nxf6 Qxf6 15. c3 b6 16. Qe4 Rb8 17. Bd3 g6 18. Qf4 Qd6 19. Bxf5 Qxf4 20. Bxf4 gxf5 21. Bxc7 Ra8 22. Bd6+ Kg7 23. Re1 Bb7 24. f3 Bd5 25. b3 b5 26. Re5 Bc6 27. Rxf5 Re8 28. Kf2 Re6 29. Be5+ Kg6 30. g4 d6 31. Bg3 d5 32. h4 Bb7 33. Be5 f6 34. h5+ Kf7 35. g5 Ra6 36. Rxf6+ Rxf6 37. Bxf6 Bc8 38. Ke3 Bf5 39. c4 bxc4 40. bxc4 dxc4 41. d5 Bb1 42. a3 Ba2 43. Bc3 Bb1 44. Kf4 Ke7 45. Ke5 Bd3 46. d6+ Kd7 47. f4 1-0

[Event "Mindsports Open 5th"]
[Site "London"]
[Date "2025.08.14"]
[Round "2.33"]
[White "Kapechun, Mikhailo"]
[Black "White, Stuart A"]
[Result "1-0"]
[WhiteElo "1985"]
[BlackElo "2095"]
[PlyCount "113"]
[EventDate "2025.08.13"]
[EventType "swiss"]
[EventRounds "9"]
[EventCountry "ENG"]
[SourceTitle "BritBase"]
[Source "John Saunders"]
[SourceDate "2025.08.18"]
[SourceVersion "1"]
[SourceVersionDate "2025.08.18"]
[SourceQuality "1"]

1. e4 c5 2. Nf3 d6 3. d4 cxd4 4. Nxd4 Nf6 5. Nc3 Nc6 6. Bg5 e6 7. Qd2 a6 8. O-O-O Be7 9. f3 O-O 10. h4 Nxd4 11. Qxd4 b5 12. Kb1 Bb7 13. g4 Qc7 14. h5 b4 15. Na4 Qa5 16. Qb6 Qxg5 17. Qxb7 Rfe8 18. Qxb4 Rab8 19. Qd2 Qe5 20. Bc4 Nd7 21. Bb3 Qb5 22. Nc3 Qb7 23. g5 Nc5 24. Rdg1 a5 25. Qd4 Qb4 26. Qxb4 Rxb4 27. a3 Rd4 28. Rd1 Rxd1+ 29. Rxd1 Nxb3 30. cxb3 Bxg5 31. Rxd6 g6 32. hxg6 fxg6 33. b4 axb4 34. axb4 h5 35. Rd1 Kf7 36. Kc2 Rd8 37. Rxd8 Bxd8 38. Kd3 h4 39. Ke2 Ke7 40. Kf2 Kd6 41. Kg2 Ke5 42. Ne2 Be7 43. b5 Kd6 44. Kh3 g5 45. b4 Bf6 46. Nc1 Bd8 47. Nd3 Bb6 48. Kg4 Bd4 49. Kh3 Bc3 50. b6 Kc6 51. Nc5 Bxb4 52. b7 Kc7 53. Na6+ Kxb7 54. Nxb4 Kb6 55. Nd3 Kb5 56. Ne5 Kc5 57. Nf7 1-0

[Event "Mindsports Open 5th"]
[Site "London"]
[Date "2025.08.14"]
[Round "2.34"]
[White "Zhou, Yang-Fan"]
[Black "Harper, Ryan"]
[Result "0-1"]
[WhiteElo "2406"]
[BlackElo "2131"]
[PlyCount "86"]
[EventDate "2025.08.13"]
[EventType "swiss"]
[EventRounds "9"]
[EventCountry "ENG"]
[SourceTitle "BritBase"]
[Source "John Saunders"]
[SourceDate "2025.08.18"]
[SourceVersion "1"]
[SourceVersionDate "2025.08.18"]
[SourceQuality "1"]

1. e4 e5 2. Nf3 Nc6 3. Bc4 Nf6 4. d3 h6 5. O-O d6 6. a4 a6 7. Nc3 g6 8. Be3 Bg7 9. h3 g5 10. d4 g4 11. hxg4 Nxg4 12. Ne2 Rg8 13. c3 Qf6 14. Ng3 Bf8 15. Re1 Be7 16. b4 Qg6 17. b5 Nd8 18. bxa6 bxa6 19. Bf1 h5 20. Qc2 h4 21. Nf5 Ne6 22. Qd2 Bb7 23. d5 Nxe3 24. fxe3 Nc5 25. Qc2 Bc8 26. Ra2 Rh8 27. Bd3 h3 28. Qb1 Bd7 29. a5 Bd8 30. Rf2 Rb8 31. Qxb8 Nxd3 32. Ref1 Nxf2 33. Rxf2 Bxf5 34. exf5 Qxf5 35. Nh2 Qe4 36. Qb7 Rg8 37. Qc6+ Ke7 38. g4 f5 39. Qxa6 fxg4 40. Qf1 g3 41. Rf3 gxh2+ 42. Kxh2 Rg2+ 43. Kh1 Rg3 0-1

[Event "Mindsports Open 5th"]
[Site "London"]
[Date "2025.08.14"]
[Round "2.35"]
[White "Beerdsen, Thomas"]
[Black "Bin-Suhayl, Ieysaa"]
[Result "1-0"]
[WhiteElo "2513"]
[BlackElo "2217"]
[PlyCount "61"]
[EventDate "2025.08.13"]
[EventType "swiss"]
[EventRounds "9"]
[EventCountry "ENG"]
[SourceTitle "BritBase"]
[Source "John Saunders"]
[SourceDate "2025.08.18"]
[SourceVersion "1"]
[SourceVersionDate "2025.08.18"]
[SourceQuality "1"]

1. c4 e6 2. Nc3 d5 3. d4 c6 4. e4 dxe4 5. Nxe4 Bb4+ 6. Bd2 Qxd4 7. Bxb4 Qxe4+ 8. Be2 Na6 9. Ba5 b6 10. Qd6 Bd7 11. Bc3 f6 12. Rd1 O-O-O 13. Qa3 Kb7 14. Nf3 Nc7 15. c5 Nb5 16. Qb3 Ne7 17. cxb6 axb6 18. a4 Nxc3 19. bxc3 c5 20. a5 b5 21. Nd2 Qa4 22. Qb2 Bc6 23. O-O Qxa5 24. Ra1 Qb6 25. Rfb1 Ra8 26. Nc4 Qc7 27. Na3 Rhb8 28. Nxb5 Qe5 29. Rxa8 Rxa8 30. Nd4+ Kc8 31. Nxc6 1-0

[Event "Mindsports Open 5th"]
[Site "London"]
[Date "2025.08.14"]
[Round "2.36"]
[White "Wastney, Dylan"]
[Black "Kovacs, Zoltan"]
[Result "0-1"]
[WhiteElo "1981"]
[BlackElo "2086"]
[PlyCount "118"]
[EventDate "2025.08.13"]
[EventType "swiss"]
[EventRounds "9"]
[EventCountry "ENG"]
[SourceTitle "BritBase"]
[Source "John Saunders"]
[SourceDate "2025.08.18"]
[SourceVersion "1"]
[SourceVersionDate "2025.08.18"]
[SourceQuality "1"]

1. e4 c5 2. Nc3 g6 3. d4 Bg7 4. dxc5 Qa5 5. Nge2 Nf6 6. Ng3 Qxc5 7. Be3 Qa5 8. f3 Nc6 9. Qd2 d6 10. O-O-O Be6 11. Kb1 O-O 12. Nd5 Qa4 13. Nc3 Qa5 14. Nd5 Qxd2 15. Rxd2 Bxd5 16. exd5 Ne5 17. Be2 Rfc8 18. b3 Rc7 19. c4 Ned7 20. f4 Nc5 21. Bxc5 Rxc5 22. a4 a6 23. b4 Rc7 24. Rc1 Bh6 25. Rd4 a5 26. b5 Rac8 27. Nf1 e5 28. dxe6 fxe6 29. g3 d5 30. Nd2 Bg7 31. Rd3 dxc4 32. Rxc4 Nd5 33. Rxc7 Rxc7 34. Ne4 Rc4 35. Ng5 Rxa4 36. Bg4 Ra1+ 37. Kc2 Nb4+ 38. Kd2 Nxd3 39. Bxe6+ Kf8 40. Kxd3 h6 41. Ne4 Ke7 42. Bd5 b6 43. Nd2 Ra3+ 44. Ke2 Bd4 45. Nc4 Ra2+ 46. Kd3 Bc5 47. Ne5 Rxh2 48. Nxg6+ Kd6 49. Bc4 Rh3 50. Ke4 Rxg3 51. Nh4 Rc3 52. Bf7 Ke7 53. Bd5 Kf6 54. Bc6 a4 55. Nf5 Rc4+ 56. Kd3 a3 57. Kxc4 a2 58. Nxh6 a1=Q 59. Ng4+ Kf5 0-1

[Event "Mindsports Open 5th"]
[Site "London"]
[Date "2025.08.14"]
[Round "2.37"]
[White "Pereslavtsev, Alexandr"]
[Black "Mittal, Aditya"]
[Result "1-0"]
[WhiteElo "2079"]
[BlackElo "1927"]
[PlyCount "101"]
[EventDate "2025.08.13"]
[EventType "swiss"]
[EventRounds "9"]
[EventCountry "ENG"]
[SourceTitle "BritBase"]
[Source "John Saunders"]
[SourceDate "2025.08.18"]
[SourceVersion "1"]
[SourceVersionDate "2025.08.18"]
[SourceQuality "1"]

1. d4 Nf6 2. c4 e6 3. Nf3 d5 4. Nc3 c5 5. cxd5 Nxd5 6. e4 Nxc3 7. bxc3 cxd4 8. cxd4 Bb4+ 9. Bd2 Bxd2+ 10. Qxd2 O-O 11. Bc4 Nd7 12. O-O b6 13. Rfe1 Bb7 14. Rad1 Rc8 15. Bb3 Qc7 16. d5 exd5 17. exd5 Qd6 18. Nd4 Qf6 19. Ne6 Rfe8 20. Ba4 Re7 21. d6 Rxe6 22. Bxd7 Qg6 23. g3 Rxe1+ 24. Qxe1 Rd8 25. Qe7 Qf6 26. Re1 h6 27. Bf5 Bc6 28. Qxf6 gxf6 29. Rd1 Kf8 30. Rd4 b5 31. Kf1 Bd7 32. Bxd7 Rxd7 33. Ke2 Ke8 34. Kd3 f5 35. Rd5 Rd8 36. Kd4 Kd7 37. Rxf5 Kc6 38. Rc5+ Kb6 39. Kd5 Rd7 40. Rc8 a5 41. Rb8+ Rb7 42. Rxb7+ Kxb7 43. Kc5 b4 44. Kb5 Kc8 45. Kxa5 Kd7 46. Kxb4 Kxd6 47. Kb5 Kc7 48. Kc5 f5 49. Kd5 Kb6 50. Ke5 Kc5 51. Kxf5 1-0

[Event "Mindsports Open 5th"]
[Site "London"]
[Date "2025.08.14"]
[Round "2.38"]
[White "Rice, Leah"]
[Black "Zakarian, Dimitrios Levon"]
[Result "0-1"]
[WhiteElo "1979"]
[BlackElo "2079"]
[PlyCount "62"]
[EventDate "2025.08.13"]
[EventType "swiss"]
[EventRounds "9"]
[EventCountry "ENG"]
[SourceTitle "BritBase"]
[Source "John Saunders"]
[SourceDate "2025.08.18"]
[SourceVersion "1"]
[SourceVersionDate "2025.08.18"]
[SourceQuality "1"]

1. d4 Nf6 2. c4 e6 3. Nc3 Bb4 4. Bd2 O-O 5. e3 d5 6. Nf3 Re8 7. a3 Bf8 8. Bd3 c5 9. O-O Nc6 10. Ne2 cxd4 11. exd4 h6 12. c5 Ne4 13. Qc2 Nxd2 14. Qxd2 e5 15. dxe5 Bxc5 16. Rac1 Bb6 17. Bb5 Bg4 18. Bxc6 bxc6 19. Rxc6 Bxf3 20. gxf3 Rxe5 21. f4 Re4 22. Rc3 d4 23. Rd3 Qf6 24. Qd1 Qg6+ 25. Rg3 Qe6 26. f5 Qxf5 27. Rg2 Qb5 28. Ng3 Re6 29. Qf3 Rae8 30. Nf5 Qxf1+ 31. Kxf1 Re1# 0-1

[Event "Mindsports Open 5th"]
[Site "London"]
[Date "2025.08.14"]
[Round "2.39"]
[White "Wang, Luoke"]
[Black "Leong, Aiden"]
[Result "0-1"]
[WhiteElo "1944"]
[BlackElo "2068"]
[PlyCount "80"]
[EventDate "2025.08.13"]
[EventType "swiss"]
[EventRounds "9"]
[EventCountry "ENG"]
[SourceTitle "BritBase"]
[Source "John Saunders"]
[SourceDate "2025.08.18"]
[SourceVersion "1"]
[SourceVersionDate "2025.08.18"]
[SourceQuality "1"]

1. d4 d5 2. c4 e6 3. Nf3 c6 4. g3 dxc4 5. Bg2 b5 6. Ne5 Bb7 7. O-O Nf6 8. b3 cxb3 9. axb3 Qb6 10. Be3 Nd5 11. Bxd5 cxd5 12. f4 Bd6 13. Qe1 b4 14. Qf2 O-O 15. Nd2 f6 16. Nef3 Qc7 17. Rac1 Nc6 18. Qg2 a5 19. Qh3 Qd7 20. g4 e5 21. dxe5 fxe5 22. f5 d4 23. Bf2 h6 24. Ne4 Ne7 25. Nfd2 Nd5 26. Bg3 Nc3 27. Nxc3 bxc3 28. Nc4 Bc5 29. Bxe5 Qd5 30. f6 d3+ 31. e3 d2 32. Rcd1 c2 33. Rxd2 Qh1+ 34. Kf2 c1=Q 35. Rxc1 Qxc1 36. Qh5 Bc6 37. Qg6 Ra7 38. g5 Raf7 39. Ke2 Qg1 40. Bg3 hxg5 0-1

[Event "Mindsports Open 5th"]
[Site "London"]
[Date "2025.08.14"]
[Round "2.40"]
[White "Zadvorny, Roman"]
[Black "Hng, Mei-Xian Eunice"]
[Result "0-1"]
[WhiteElo "1931"]
[BlackElo "2052"]
[PlyCount "76"]
[EventDate "2025.08.13"]
[EventType "swiss"]
[EventRounds "9"]
[EventCountry "ENG"]
[SourceTitle "BritBase"]
[Source "John Saunders"]
[SourceDate "2025.08.18"]
[SourceVersion "1"]
[SourceVersionDate "2025.08.18"]
[SourceQuality "1"]

1. c4 e5 2. Nc3 Nf6 3. g3 c6 4. Nf3 e4 5. Nd4 d5 6. cxd5 cxd5 7. d3 Bc5 8. Nb3 Bb4 9. Bg2 O-O 10. O-O Bf5 11. Bg5 Bxc3 12. bxc3 h6 13. dxe4 Bxe4 14. Bxe4 hxg5 15. Bg2 Nc6 16. Qc1 g4 17. Rd1 Qe7 18. e3 Rfd8 19. Nd4 Ne5 20. Qc2 g6 21. Qe2 Rac8 22. Rdc1 Ne4 23. c4 Rxc4 24. Rxc4 Nxc4 25. Qxg4 Nxf2 26. Nf5 Qf6 27. Qd4 Qxf5 28. Rf1 Nh3+ 29. Kh1 Qh5 30. e4 Qg4 31. Qf6 Rf8 32. exd5 Ne3 33. Rf3 Nxg2 34. Kxg2 Ng5 35. Re3 Qh3+ 36. Kg1 Rc8 37. Re1 Qg4 38. Re3 Nh3+ 0-1

[Event "Mindsports Open 5th"]
[Site "London"]
[Date "2025.08.14"]
[Round "2.41"]
[White "Bharat Kumar, Balahari"]
[Black "Fil, Alkim Alper"]
[Result "1-0"]
[WhiteElo "2052"]
[BlackElo "1900"]
[PlyCount "89"]
[EventDate "2025.08.13"]
[EventType "swiss"]
[EventRounds "9"]
[EventCountry "ENG"]
[SourceTitle "BritBase"]
[Source "John Saunders"]
[SourceDate "2025.08.18"]
[SourceVersion "1"]
[SourceVersionDate "2025.08.18"]
[SourceQuality "1"]

1. d4 Nf6 2. c4 c5 3. e3 g6 4. Nf3 Bg7 5. Nc3 cxd4 6. exd4 d5 7. h3 O-O 8. Be2 Nc6 9. O-O dxc4 10. Bxc4 Na5 11. Bd3 Be6 12. Re1 Bc4 13. Bxc4 Nxc4 14. Qe2 Rc8 15. Bg5 Qa5 16. Rac1 Rfe8 17. Ne5 Nd6 18. Qf3 Qb6 19. Bxf6 exf6 20. Nd7 Qxb2 21. Rxe8+ Nxe8 22. Re1 f5 23. Nd5 Rc1 24. Qe3 Rxe1+ 25. Qxe1 Nd6 26. Qe7 Qc1+ 27. Kh2 Qc8 28. Qxd6 Bf8 29. Qxf8+ Qxf8 30. Nxf8 Kxf8 31. Kg3 g5 32. h4 h6 33. hxg5 hxg5 34. f4 g4 35. Ne3 b5 36. Nxf5 b4 37. Kf2 a5 38. Ke2 a4 39. Kd2 f6 40. Kd3 Kf7 41. Kc4 b3 42. axb3 a3 43. Kc3 Ke6 44. Ne3 f5 45. b4 1-0

[Event "Mindsports Open 5th"]
[Site "London"]
[Date "2025.08.14"]
[Round "2.42"]
[White "Rahman, K Azizur"]
[Black "Avadhoot, Lokesh Bhakti Brahm"]
[Result "1-0"]
[WhiteElo "1921"]
[BlackElo "2049"]
[PlyCount "153"]
[EventDate "2025.08.13"]
[EventType "swiss"]
[EventRounds "9"]
[EventCountry "ENG"]
[SourceTitle "BritBase"]
[Source "John Saunders"]
[SourceDate "2025.08.18"]
[SourceVersion "1"]
[SourceVersionDate "2025.08.18"]
[SourceQuality "1"]

1. c4 c5 2. g3 Nc6 3. Bg2 g6 4. Nc3 Bg7 5. e3 d6 6. Nge2 e5 7. O-O Nge7 8. d4 cxd4 9. exd4 exd4 10. Nb5 Bg4 11. Bf4 O-O 12. h3 Be6 13. Rc1 Qb6 14. b3 Nc8 15. Qd2 a6 16. Nxd6 Nxd6 17. Bxd6 Rfd8 18. Ba3 Ne5 19. Nf4 Bh6 20. Rfe1 Bxf4 21. gxf4 Nc6 22. Rcd1 Rd7 23. Bb2 Qd8 24. Qe2 Qh4 25. Qf3 Rad8 26. Qg3 Qh5 27. Qg5 Qxg5 28. fxg5 Bf5 29. Rd2 Nb4 30. Red1 Bc2 31. Ra1 Bf5 32. h4 Nd3 33. Rad1 Nxb2 34. Rxb2 Bg4 35. f3 Bf5 36. Kf2 Kg7 37. Re2 f6 38. f4 b6 39. Bd5 Bg4 40. Bf3 Bxf3 41. Kxf3 f5 42. Rd3 Kf7 43. Re5 Rd6 44. Ke2 Re6 45. Rxe6 Kxe6 46. Rd2 b5 47. Kd3 Rd6 48. c5 Rd7 49. Re2+ Kd5 50. Re5+ Kc6 51. b4 Kb7 52. Re6 Kc7 53. Rxa6 Kc8 54. Rc6+ Kb7 55. Re6 Kc8 56. c6 Rd5 57. Re7 Rd6 58. c7 Rc6 59. Kxd4 Rc4+ 60. Kd5 Kb7 61. Rxh7 Rxb4 62. Kc5 Rxf4 63. Kxb5 Rf2 64. a4 Rb2+ 65. Kc5 Rc2+ 66. Kb4 Rb2+ 67. Kc3 Rb6 68. a5 Re6 69. Kd4 Ra6 70. Kc5 Rxa5+ 71. Kd6 Ra4 72. h5 gxh5 73. g6 Ra6+ 74. Kd7 Ra8 75. g7 Rg8 76. Kd6 f4 77. Rh8 1-0

[Event "Mindsports Open 5th"]
[Site "London"]
[Date "2025.08.14"]
[Round "2.43"]
[White "Lebedev, Lion"]
[Black "Oupindrin, Narayanin"]
[Result "1-0"]
[WhiteElo "2048"]
[BlackElo "1875"]
[PlyCount "61"]
[EventDate "2025.08.13"]
[EventType "swiss"]
[EventRounds "9"]
[EventCountry "ENG"]
[SourceTitle "BritBase"]
[Source "John Saunders"]
[SourceDate "2025.08.18"]
[SourceVersion "1"]
[SourceVersionDate "2025.08.18"]
[SourceQuality "1"]

1. d4 Nf6 2. c4 e6 3. Nf3 Bb4+ 4. Bd2 a5 5. g3 d5 6. Qc2 Nc6 7. Bg2 O-O 8. O-O Ne4 9. Rd1 f5 10. cxd5 exd5 11. Bc1 Be6 12. Nc3 Be7 13. h4 Kh8 14. Bf4 Bd6 15. Nxe4 fxe4 16. Ne5 Nb4 17. Qd2 Qf6 18. Rf1 h6 19. f3 Bxe5 20. Bxe5 Qg6 21. fxe4 dxe4 22. Bxe4 Qh5 23. Bf3 Qg6 24. Be4 Qh5 25. Bf3 Qg6 26. h5 Qg5 27. Qxg5 hxg5 28. h6 Rfd8 29. hxg7+ Kg8 30. Bxb7 Ra7 31. Be4 1-0

[Event "Mindsports Open 5th"]
[Site "London"]
[Date "2025.08.14"]
[Round "2.44"]
[White "Allorant, Adrien"]
[Black "Ding, Yiwen"]
[Result "1-0"]
[WhiteElo "2042"]
[BlackElo "1844"]
[PlyCount "73"]
[EventDate "2025.08.13"]
[EventType "swiss"]
[EventRounds "9"]
[EventCountry "ENG"]
[SourceTitle "BritBase"]
[Source "John Saunders"]
[SourceDate "2025.08.18"]
[SourceVersion "1"]
[SourceVersionDate "2025.08.18"]
[SourceQuality "1"]

1. e4 c6 2. d4 d5 3. exd5 cxd5 4. c4 Nf6 5. Nc3 e6 6. Nf3 Be7 7. cxd5 Nxd5 8. Bd3 Nc6 9. O-O O-O 10. a3 h6 11. Re1 Nf6 12. Bf4 b6 13. Bc2 Ba6 14. b4 Bc4 15. b5 Na5 16. Ne5 Rc8 17. Re3 Bd6 18. Rg3 Kh8 19. Rh3 Kg8 20. Qd2 h5 21. Re1 Nb3 22. Qd1 Na5 23. Bg5 Bxe5 24. Rxe5 g6 25. Ne4 Nxe4 26. Bxd8 Rfxd8 27. Rxe4 Bxb5 28. g4 Bc6 29. gxh5 Bxe4 30. Bxe4 Rc4 31. hxg6 fxg6 32. Qg4 Rdxd4 33. Qxe6+ Kg7 34. Qxg6+ Kf8 35. Rh8+ Ke7 36. Rh7+ Kd8 37. Qg8# 1-0

[Event "Mindsports Open 5th"]
[Site "London"]
[Date "2025.08.14"]
[Round "2.45"]
[White "Aleksenko, Maksim"]
[Black "Larchikov, Maksym"]
[Result "0-1"]
[WhiteElo "1893"]
[BlackElo "2037"]
[PlyCount "84"]
[EventDate "2025.08.13"]
[EventType "swiss"]
[EventRounds "9"]
[EventCountry "ENG"]
[SourceTitle "BritBase"]
[Source "John Saunders"]
[SourceDate "2025.08.18"]
[SourceVersion "1"]
[SourceVersionDate "2025.08.18"]
[SourceQuality "1"]

1. e4 c5 2. Nf3 d6 3. d4 cxd4 4. Nxd4 Nf6 5. Nc3 a6 6. h3 e5 7. Nde2 b5 8. Bg5 Be7 9. Bxf6 Bxf6 10. g4 g6 11. Nd5 Bg5 12. Nec3 h5 13. gxh5 Rxh5 14. Qd3 Nc6 15. Ne3 Bxe3 16. Qxe3 Nd4 17. O-O-O Qc7 18. Rd2 Bb7 19. Ne2 Rh4 20. Bg2 Nxe2+ 21. Qxe2 O-O-O 22. Rhd1 Kb8 23. Qe3 Rf4 24. f3 f5 25. Qa3 fxe4 26. fxe4 Rf6 27. Kb1 Rc8 28. c3 Rd8 29. Qb4 Qc4 30. Rxd6 Rdxd6 31. Rxd6 Qxb4 32. Rxf6 Bxe4+ 33. Kc1 Qe7 34. Rb6+ Ka7 35. Rb7+ Bxb7 36. Bxb7 Qxb7 37. Kc2 Qg2+ 38. Kb3 a5 39. h4 a4+ 40. Ka3 Qd2 41. h5 Qd6+ 42. b4 Qd2 0-1

[Event "Mindsports Open 5th"]
[Site "London"]
[Date "2025.08.14"]
[Round "2.46"]
[White "Lee, Kah Meng Elgin"]
[Black "Ganguly, Aryaman"]
[Result "1/2-1/2"]
[WhiteElo "2036"]
[BlackElo "1824"]
[PlyCount "72"]
[EventDate "2025.08.13"]
[EventType "swiss"]
[EventRounds "9"]
[EventCountry "ENG"]
[SourceTitle "BritBase"]
[Source "John Saunders"]
[SourceDate "2025.08.18"]
[SourceVersion "1"]
[SourceVersionDate "2025.08.18"]
[SourceQuality "1"]

1. d4 d5 2. c4 e6 3. Nc3 Nf6 4. Bg5 c6 5. e3 Nbd7 6. Nf3 Qa5 7. Nd2 Bb4 8. Qc2 Ne4 9. Ndxe4 dxe4 10. Bh4 e5 11. a3 O-O 12. Rd1 Bxc3+ 13. Qxc3 Qxc3+ 14. bxc3 exd4 15. cxd4 Nb6 16. Be2 Be6 17. Rc1 f6 18. f3 Bf5 19. Kf2 Rfe8 20. Bg3 Kh8 21. Rhd1 Rad8 22. Bc7 Rd7 23. Bxb6 axb6 24. f4 Ra8 25. Rc3 Be6 26. g4 g6 27. Rb1 Ra6 28. Rcb3 Ra4 29. Rc3 Ra6 30. h3 f5 31. gxf5 Bxf5 32. Kg3 Kg7 33. Bg4 Kf6 34. Rb2 Rd8 35. Rcb3 h5 36. Bxf5 Kxf5 1/2-1/2

[Event "Mindsports Open 5th"]
[Site "London"]
[Date "2025.08.14"]
[Round "2.47"]
[White "Choong, Han-Sen"]
[Black "Shidlagatta, Anirudh"]
[Result "1-0"]
[WhiteElo "1836"]
[BlackElo "2036"]
[PlyCount "61"]
[EventDate "2025.08.13"]
[EventType "swiss"]
[EventRounds "9"]
[EventCountry "ENG"]
[SourceTitle "BritBase"]
[Source "John Saunders"]
[SourceDate "2025.08.18"]
[SourceVersion "1"]
[SourceVersionDate "2025.08.18"]
[SourceQuality "1"]

1. d4 d5 2. c4 c6 3. Nc3 Nf6 4. e3 Bf5 5. f3 e6 6. g4 Bg6 7. h4 h6 8. Nh3 Bd6 9. Nf4 Bxf4 10. exf4 h5 11. f5 exf5 12. g5 Ng8 13. Qb3 Qe7+ 14. Kf2 dxc4 15. Bxc4 Qd7 16. Re1+ Ne7 17. Bf4 O-O 18. Rad1 b5 19. Bf1 a6 20. Re5 Rd8 21. Qa3 Ra7 22. d5 Qb7 23. Be3 f6 24. gxf6 gxf6 25. Re6 Bf7 26. Rd6 Rxd6 27. Qxd6 Nxd5 28. Qd8+ Kg7 29. Nxd5 Bxd5 30. Bd3 c5 31. Rg1+ 1-0

[Event "Mindsports Open 5th"]
[Site "London"]
[Date "2025.08.14"]
[Round "2.48"]
[White "Sanitt, Ethan"]
[Black "Steenfatt, Niklas"]
[Result "1-0"]
[WhiteElo "2033"]
[BlackElo "1810"]
[PlyCount "29"]
[EventDate "2025.08.13"]
[EventType "swiss"]
[EventRounds "9"]
[EventCountry "ENG"]
[SourceTitle "BritBase"]
[Source "John Saunders"]
[SourceDate "2025.08.18"]
[SourceVersion "1"]
[SourceVersionDate "2025.08.18"]
[SourceQuality "1"]

1. c4 e5 2. g3 Nf6 3. Bg2 c6 4. d4 Bb4+ 5. Nc3 e4 6. f3 Qa5 7. Qc2 exf3 8. Nxf3 d5 9. O-O Bxc3 10. bxc3 dxc4 11. e4 Be6 12. Ng5 O-O 13. e5 g6 14. exf6 Bf5 15. Qd2 1-0

[Event "Mindsports Open 5th"]
[Site "London"]
[Date "2025.08.14"]
[Round "2.49"]
[White "Ding, Yicheng"]
[Black "Lochte, Thomas"]
[Result "0-1"]
[WhiteElo "1793"]
[BlackElo "2023"]
[PlyCount "40"]
[EventDate "2025.08.13"]
[EventType "swiss"]
[EventRounds "9"]
[EventCountry "ENG"]
[SourceTitle "BritBase"]
[Source "John Saunders"]
[SourceDate "2025.08.18"]
[SourceVersion "1"]
[SourceVersionDate "2025.08.18"]
[SourceQuality "1"]

1. d4 Nf6 2. c4 e5 3. dxe5 Ng4 4. Bf4 Bb4+ 5. Nd2 d6 6. exd6 Qf6 7. Bg3 Bxd6 8. Ne4 Bb4+ 9. Nd2 Qxb2 10. Ngf3 Bf5 11. a3 Bc3 12. Rc1 Nc6 13. Nh4 Be4 14. Bf4 Nd4 15. e3 Bc2 16. Rxc2 Nxc2+ 17. Ke2 O-O-O 18. Nhf3 Rhe8 19. g3 Nd4+ 20. Nxd4 Rxd4 0-1

[Event "Mindsports Open 5th"]
[Site "London"]
[Date "2025.08.14"]
[Round "3.1"]
[White "Li, Wenxiang"]
[Black "Urkedal, Frode Olav Olsen"]
[Result "0-1"]
[WhiteElo "2395"]
[BlackElo "2558"]
[PlyCount "80"]
[EventDate "2025.08.13"]
[EventType "swiss"]
[EventRounds "9"]
[EventCountry "ENG"]
[SourceTitle "BritBase"]
[Source "John Saunders"]
[SourceDate "2025.08.18"]
[SourceVersion "1"]
[SourceVersionDate "2025.08.18"]
[SourceQuality "1"]

1. d4 Nf6 2. c4 e6 3. Nc3 Bb4 4. Qc2 d6 5. Nf3 Nbd7 6. Bd2 b6 7. e4 e5 8. a3 Bxc3 9. Bxc3 Bb7 10. Bd3 O-O 11. O-O Re8 12. d5 Nc5 13. b4 Nxd3 14. Qxd3 Nh5 15. Ne1 Nf4 16. Qc2 c6 17. g3 Nh3+ 18. Kg2 Qd7 19. dxc6 Bxc6 20. f3 Rac8 21. Qd3 f5 22. exf5 e4 23. Qd4 Ng5 24. h4 exf3+ 25. Kh1 Rxe1 26. hxg5 Re4 27. Qf2 Qxf5 28. Kh2 Rxc4 29. Bd2 Rc2 30. Rac1 Bd7 31. Kg1 Qd3 32. Rcd1 Re8 33. Qxf3 Qxf3 34. Rxf3 Bg4 35. Rff1 Bxd1 36. Rxd1 Re2 37. Be1 Kf7 38. Kf1 Ke6 39. Rd4 d5 40. Rh4 Re5 0-1

[Event "Mindsports Open 5th"]
[Site "London"]
[Date "2025.08.14"]
[Round "3.2"]
[White "Janik, Igor"]
[Black "Lohia, Sohum"]
[Result "1/2-1/2"]
[WhiteElo "2519"]
[BlackElo "2387"]
[PlyCount "69"]
[EventDate "2025.08.13"]
[EventType "swiss"]
[EventRounds "9"]
[EventCountry "ENG"]
[SourceTitle "BritBase"]
[Source "John Saunders"]
[SourceDate "2025.08.18"]
[SourceVersion "1"]
[SourceVersionDate "2025.08.18"]
[SourceQuality "1"]

1. e4 e5 2. Nf3 Nc6 3. Bb5 a6 4. Ba4 Nf6 5. d3 b5 6. Bb3 Bc5 7. Nc3 h6 8. Nd5 d6 9. c3 Rb8 10. O-O O-O 11. h3 Ba7 12. Be3 Bxe3 13. Nxf6+ Qxf6 14. fxe3 Qe7 15. Qe1 Be6 16. Nh4 Qg5 17. Nf5 Kh7 18. Rf3 g6 19. Ng3 Qe7 20. Qf2 Nd8 21. Rf1 Bxb3 22. axb3 Kg8 23. b4 Ne6 24. Qc2 c5 25. Qb3 Rbc8 26. Qa2 cxb4 27. cxb4 Rc6 28. Ne2 Kg7 29. Nc3 Nc7 30. Qa1 Qe6 31. Qe1 d5 32. Rf6 Qd7 33. Qf2 dxe4 34. dxe4 Rd6 35. Rf3 1/2-1/2